Score 0/24 Timer 07:00
0 Plays Today
Nadsat Term English Definition % Correct
Droogfriend
86.9%
Devotchkagirl
84.7%
Molokomilk
78.7%
Ittygo
74.9%
Gulliverhead
70.2%
Viddysee
67.2%
Yarblesballs
66.7%
Horrorshowgood
66.1%
Cancercigarette
61.5%
Veckguy
57.2%
Rotmouth
56.5%
BogGod
54.8%
Nadsat Term English Definition % Correct
Tolchockhit
54.4%
Malchickboy
53.8%
Guttiwutsguts
53%
Malenkylittle
52%
Litsoface
48.7%
Krovvyblood
48%
Nochynight
44.8%
Zoobiesteeth
40.5%
Smecklaugh
34.1%
Golossvoice
32.4%
Pletchoshoulder
21.7%
Volosshair
18.1%

You're not logged in!

Compare scores with friends on all Sporcle quizzes.
OR
Log In

Sporcle TV

Today on Sporcle TV


Watch our educational content, quiz creation guides, and fun videos on Sporcle TV.

Show Comments

Extras

Top Quizzes Today


Score Distribution

Paid Content

Your Account Isn't Verified!

In order to create a playlist on Sporcle, you need to verify the email address you used during registration. Go to your Sporcle Settings to finish the process.

Report this User

Report this user for behavior that violates our Community Guidelines.

Details: